Mathematics for biological scientists / (Record no. 136689)

MARC details
000 -LEADER
fixed length control field 00773cam a2200217 a 4500
001 - CONTROL NUMBER
control field vtls003217280
003 - CONTROL NUMBER IDENTIFIER
control field MY-SjTCS
005 - DATE AND TIME OF LATEST TRANSACTION
control field 20200226114712.0
008 - FIXED-LENGTH DATA ELEMENTS--GENERAL INFORMATION
fixed length control field 110706s2010 nyua 001 0 eng
020 ## - INTERNATIONAL STANDARD BOOK NUMBER
International Standard Book Number 9780815341369 (pbk.)
039 #9 - LEVEL OF BIBLIOGRAPHIC CONTROL AND CODING DETAIL [OBSOLETE]
Level of rules in bibliographic description 201205221528
Level of effort used to assign nonsubject heading access points stazrina
Level of effort used to assign subject headings 201107260926
Level of effort used to assign classification pushpa
Level of effort used to assign subject headings 201107211311
Level of effort used to assign classification siew_eng
Level of effort used to assign subject headings 201107061227
Level of effort used to assign classification izani
-- 201105231537
-- malathy
082 04 - DEWEY DECIMAL CLASSIFICATION NUMBER
Classification number 570.151
Item number AIT 2010
100 1# - MAIN ENTRY--PERSONAL NAME
Personal name Aitken, Michael R. F.
9 (RLIN) 52063
245 10 - TITLE STATEMENT
Title Mathematics for biological scientists /
Statement of responsibility, etc. Mike Aitken, Bill Broadhurst, Steve Hladky.
260 ## - PUBLICATION, DISTRIBUTION, ETC.
Place of publication, distribution, etc. New York, N.Y. :
Name of publisher, distributor, etc. Garland Science,
Date of publication, distribution, etc. c2010.
300 ## - PHYSICAL DESCRIPTION
Extent xix, 452 p. :
Other physical details col. ill. ;
Dimensions 28 cm.
650 #0 - SUBJECT ADDED ENTRY--TOPICAL TERM
Topical term or geographic name entry element Biomathematics.
9 (RLIN) 362
700 1# - ADDED ENTRY--PERSONAL NAME
Personal name Broadhurst, Bill.
700 1# - ADDED ENTRY--PERSONAL NAME
Personal name Hladky, Steve.
920 ## - Programme
Programme BMS : 164068
Holdings
Withdrawn status Lost status Source of classification or shelving scheme Damaged status Not for loan Home library Current library Date acquired Total Checkouts Barcode Date last seen Date last checked out Copy number Koha item type Public note
    Dewey Decimal Classification     Taylor's Library-TU Taylor's Library-TU 23/06/2011 2 5000116996 05/12/2019 01/08/2012 1 Main Collection SBSxx,36200,03,GR